Southville International School and Colleges
Your cart is empty.
  • Cart
  • Lists
    Public lists Eva Luna New books Lux_list list_1
    Your lists Log in to create your own lists
  • Log in to your account
  • Your cookies
  • Search history
Southville International School and Colleges
  • Advanced search
  • Recent comments
  • Most popular
  • Libraries

Log in to your account

Log in with GOOGLE


If you do not have an external account, but do have a local account, you can still log in:

  1. Home
  2. MARC view: MSA high school entrance tests and NAT (National Achievement Test) reviewer for Grade 6 /
Normal view MARC view ISBD view

MSA high school entrance tests and NAT (National Achievement Test) reviewer for Grade 6 / (Record no. 116655)

[ view plain ]
MARC details
000 -LEADER
fixed length control field 00727nam a2200205Ia 4500
008 - FIXED-LENGTH DATA ELEMENTS--GENERAL INFORMATION
fixed length control field 140512s9999 xx 000 0 und d
020 ## - INTERNATIONAL STANDARD BOOK NUMBER
International Standard Book Number 9789710506057
050 ## - LIBRARY OF CONGRESS CALL NUMBER
Classification number LB 3060.33.N17
Item number .Al34 2014
100 ## - MAIN ENTRY--PERSONAL NAME
Personal name Alfarez, Merle S.
245 ## - TITLE STATEMENT
Title MSA high school entrance tests and NAT (National Achievement Test) reviewer for Grade 6 /
Statement of responsibility, etc Merle S. Alfarez
260 ## - PUBLICATION, DISTRIBUTION, ETC. (IMPRINT)
Place of publication, distribution, etc Quezon City :
Name of publisher, distributor, etc MSA Publishing House,
Date of publication, distribution, etc c2014.
300 ## - PHYSICAL DESCRIPTION
Extent 167 p. :
Other physical details ill. ;
Dimensions 26 cm.
500 ## - GENERAL NOTE
General note Answers keys.
650 ## - SUBJECT ADDED ENTRY--TOPICAL TERM
Topical term or geographic name as entry element Achievement tests
General subdivision Philippines.
650 ## - SUBJECT ADDED ENTRY--TOPICAL TERM
Topical term or geographic name as entry element Examinations
General subdivision Philippines -- Questions
650 ## - SUBJECT ADDED ENTRY--TOPICAL TERM
Topical term or geographic name as entry element High School
General subdivision Entrance examination --Studies guides
650 ## - SUBJECT ADDED ENTRY--TOPICAL TERM
Topical term or geographic name as entry element National Achievement test
942 ## - ADDED ENTRY ELEMENTS (KOHA)
Koha item type Books
Holdings
Withdrawn status Lost status Damaged status Home library Current library Shelving location Date acquired Cost, normal purchase price Total Checkouts Total Renewals Full call number Barcode Date last seen Date checked out Price effective from Koha item type
      Luxembourg Library Luxembourg Library Teachers Reference Section 05/13/2014 225.00 1 5 LB 3060.33.N17 .Al34 2014 19709 06/08/2015 04/22/2015 05/13/2014 Books

MSA high school entrance tests and NAT (National Achievement Test) reviewer for Grade 6 /

APA

Alfarez M. S., . (2014). MSA high school entrance tests and NAT (National Achievement Test) reviewer for Grade 6. Quezon City: MSA Publishing House.

Chicago

Alfarez Merle S, . 2014. MSA high school entrance tests and NAT (National Achievement Test) reviewer for Grade 6. Quezon City: MSA Publishing House.

Harvard

Alfarez M. S., . (2014). MSA high school entrance tests and NAT (National Achievement Test) reviewer for Grade 6. Quezon City: MSA Publishing House.

MLA

Alfarez Merle S, . MSA high school entrance tests and NAT (National Achievement Test) reviewer for Grade 6. Quezon City: MSA Publishing House. 2014.

  • Place hold
  • Print
  • Cite
  • Add to your cart (remove)
  • Save record
    BIBTEX Dublin Core MARCXML MARC (non-Unicode/MARC-8) MARC (Unicode/UTF-8) MARC (Unicode/UTF-8, Standard) MODS (XML) RIS
  • More searches
    Search for this title in:
    Other Libraries (WorldCat) Other Databases (Google Scholar) Online Stores (Bookfinder.com) Open Library (openlibrary.org)

Exporting to Dublin Core...

SOUTHVILLE LIBRARY

Southville International School and Colleges Library

1281 Tropical Ave. Cor. Luxembourg St., BF Homes International, Las Pinas City

Tel. No. 8256374 / 252358 Loc. 117/146

Powered by Koha